Guess the Correct Country by the Hint - Statistics

General Stats
  • This quiz has been taken 27 times
    12 since last reset
  • The average score is 24 of 33
Answer Stats
Hint Answer % Correct
This American nation contains 60% of the worlds lakes Canada
91%
This Eurasian nation is home to 20% of the world's freshwater as well one-fifth of all trees Russia
91%
This Northern European nation holds the record for the most islands, having over 220,000 Sweden
91%
This nation once had an empire spanning across all 7 continents but is now reduced to an island the size of Oregon United Kingdom
91%
This colossal island nation (if you want to even call it an island) is almost as large as Canada yet 90% of its population lives in 0.22% of its total land area Australia
82%
This Asian nation is almost the size of the continental United States yet only has one single time zone China
82%
This Northern European nation has a total of 188,788 lakes.... and counting Finland
82%
This South Asian nation is the only country who's flag is not rectangular or square Nepal
82%
This West Asian oil-rich nation has no natural rivers or lakes despite being one of the largest nations on Earth Saudi Arabia
82%
This European nation is best known for its political neutrality and has enough nuclear fallout shelters to house 114% of its population Switzerland
82%
This North American nation has no official language and is home to all five of the world's major climate zones United States
82%
This East African nation was one of the first to adopt the Christian religion and is thought to be the birthplace of coffee Ethiopia
73%
This well-known European nation is the only country in the world that has land both in Europe and mainland South America France
73%
This European nation has more castles than the United States has McDonald's locations Germany
73%
This volcanic European nation has an unusual absence of snakes, mosquitoes, and major forests Iceland
73%
This South Asian nation still actively uses the oldest recorded system of writing India
73%
This West Asian nation produces 90% of the world's saffron and is one of the oldest civilizations in history Iran
73%
This tiny European island nation once held off an Ottoman invasion and even had its own overseas empire Malta
73%
This Asian nation is the only one to be eternally governed by a leader that has been deceased since 1994 North Korea
73%
This African nation has not one but three capital cities South Africa
73%
This African nation has even more pyramids than that of Egypt Sudan
73%
This Middle Eastern nation's capital is one of the oldest inhabited cities in the world Syria
73%
This Southeast Asian nation is one of the few nations to have never been colonized by a European power Thailand
73%
This Pacific island nation is the least visited country on Earth and is rapidly being overtaken by rising sea levels in which its government has created a virtual copy of the islands in the metaverse Tuvalu
73%
This European nation has a tiny coastline of only 12 miles (20 kilometers) short Bosnia and Herzegovina
64%
This Central American nation once fought a war with Honduras over a game of football El Salvador
64%
This Asian nation has the world's oldest continuous monarchy in the world stretching back over 2,000 years Japan
64%
This European nation is one of two countries in the world landlocked between two other landlocked nations Liechtenstein
64%
This bizarre island nation has a total of 800 extant languages Papua New Guinea
64%
This tiny mountainous European nation is the world's oldest republic and is the only country with more vehicles than people San Marino
64%
This wealthy and highly developed city state has a notorious ban on chewing gum Singapore
64%
While most of its neighbors speak predominantly Spanish or Portuguese, this South American nation is the only one of its kind to speak mostly Dutch Suriname
64%
This island nation is the only country in the world located in all four hemispheres Kiribati
45%
No matching quizzes found
Score Distribution
Percent of People with Each Score
Percentile by Number Answered
Your Score History
You have not taken this quiz since the last reset